000
00295nam a2200133Ia 4500
008
230312s9999||||xx |||||||||||||| ||und||
082
_a
891.4
_b
AHM-U
100
_a
Ahmad, Ashfaq
245
0
_a
Uchay Burj Lahore Day
260
_b
SangeMeel
300
_a
728
650
_a
Literature
942
_c
BK
999
_c
8691
_d
8691